[Event "ARG-ch U18 Girls"]
[Site "Buenos Aires"]
[Date "2019.03.05"]
[Round "7.3"]
[White "Urquiza Andarnello, Paloma"]
[Black "Aimale, Maria Pia"]
[Result "0-1"]
[WhiteElo "1372"]
[BlackElo "1379"]
[PlyCount "68"]
[EventDate "2019.03.01"]
[EventType "swiss"]
[EventRounds "7"]
[EventCountry "ARG"]
[SourceTitle "EXT 2024"]
[Source "ChessBase"]
[SourceDate "2023.10.10"]
[SourceVersion "1"]
[SourceVersionDate "2023.10.10"]
[SourceQuality "1"]

1. c4 e5 2. Nc3 d6 3. g3 g6 4. Bg2 Bg7 5. d3 f5 6. Nf3 Nf6 7. 0-0 0-0 8. Bd2 Nc6 9. Rb1 a5 10. a3 Bd7 11. b4 axb4 12. axb4 Qc8 13. Qb3 Kh8 14. Rfc1 h6 15. e3 g5 16. Ne2 Nh5 17. h4 Bf6 18. hxg5 hxg5 19. Kf1 Be7 20. e4 f4 21. Ke1 g4 22. Nfg1 f3 23. Bxf3 gxf3 24. Nc3 Nd4 25. Qb2 Nxg3 26. Be3 Nh5 27. Kd2 Rg8 28. Nd5 Bh4 29. Bxd4 exd4 30. Qxd4+ Kh7 31. Rb2 Bg5+ 32. Ne3 Bf6 33. Qd5 Ng7 34. c5 Be6 0-1

[Event "ARG-ch U18 Girls"]
[Site "Buenos Aires"]
[Date "2019.03.01"]
[Round "1.4"]
[White "Mora, Oriana"]
[Black "Urquiza Andarnello, Paloma"]
[Result "0-1"]
[WhiteElo "1414"]
[BlackElo "1372"]
[PlyCount "78"]
[EventDate "2019.03.01"]
[EventType "swiss"]
[EventRounds "7"]
[EventCountry "ARG"]
[SourceTitle "EXT 2024"]
[Source "ChessBase"]
[SourceDate "2023.10.10"]
[SourceVersion "1"]
[SourceVersionDate "2023.10.10"]
[SourceQuality "1"]

1. d4 d5 2. c4 e6 3. Nc3 Nf6 4. cxd5 exd5 5. Bg5 Be6 6. Nf3 Be7 7. e3 0-0 8. Bd3 h6 9. Bh4 Nbd7 10. 0-0 c6 11. a3 Rb8 12. b4 b5 13. Qc2 a5 14. Rfb1 Ra8 15. Qb2 Nb6 16. Ne5 Qc8 17. Rc1 Nc4 18. Bxc4 dxc4 19. Rd1 Re8 20. f4 Nd5 21. Bxe7 Rxe7 22. Re1 axb4 23. Nxd5 cxd5 24. axb4 Rea7 25. Rxa7 Rxa7 26. Rc1 f6 27. Nd3 Qe8 28. Nc5 Bf5 29. Kf2 Qa8 30. Kf3 g5 31. g4 Be4+ 32. Nxe4 dxe4+ 33. Kg3 gxf4+ 34. Kxf4 Ra2 35. Qb1 Rf2+ 36. Kg3 Rf3+ 37. Kg2 Rxe3 38. Rf1 Re2+ 39. Kh3 Qa3+ 0-1